Normal view
MARC view
Entry Geographic Name
001 - CONTROL NUMBER
- control field: 13341
003 - CONTROL NUMBER IDENTIFIER
- control field: ARRUPE
005 - DATE AND TIME OF LATEST TRANSACTION
- control field: 20141211110450.0
008 - FIXED-LENGTH DATA ELEMENTS
- fixed length control field: 141211|| aca||aabn | a|a d
040 ## - CATALOGING SOURCE
- Original cataloging agency: ARRUPE
- Transcribing agency: ARRUPE
151 ## - HEADING--GEOGRAPHIC NAME
- Geographic name: Africa
- General subdivision: History
- Form subdivision: Congresses.
670 ## - SOURCE DATA FOUND
- Source citation: Work cat.: (ARRUPE)0: Conference on History and Archaeology in Africa (2nd : 1957 : University of London) [from old catalog] 13340, History and archaeology In Africa., 1959.